| 000 | 00760nas a2200229 4500 | ||
|---|---|---|---|
| 001 | BR9501647 | ||
| 003 | BR-BrBNA | ||
| 005 | 20231205093928.0 | ||
| 007 | ta | ||
| 008 | 230509b bl.|||p| |||| 00| 00por d | ||
| 040 |
_aBR-BrBNA _bpor _cBiblioteca Nacional de Agricultura |
||
| 041 | _a(Pt) | ||
| 072 | _aL53 | ||
| 100 | 1 | _aFerreira, H.I. | |
| 111 | 1 |
_a8. Congresso Brasileiro de Reproducao Animal _cBelo Horizonte, MG (Brazil) _d10-14 Jun 1989 |
|
| 245 | 1 | _aControle do parto natural e induzido. Complicacoes | |
| 650 | _aAnimal Domestico | ||
| 650 | _aParto | ||
| 773 | 0 |
_tRevista Brasileira de Reproducao Animal (Brazil) _xISSN 0102-0803 _g(1989), Suppl. no. 1 p. 75-108 _wBR9501647 |
|
| 909 |
_a202311 _bLúcia _c55 _dLúcia Elande |
||
| 942 |
_2AGRIS _n0 _cANA |
||
| 999 |
_c141145 _d141145 |
||